De l'influence de la tradition religieuse sur le droit pénal de l'Iran. (Record no. 48622)

MARC details
000 -LEADER
fixed length control field 00710cam a22002531 4500
001 - CONTROL NUMBER
control field ne 66000039
003 - CONTROL NUMBER IDENTIFIER
control field DLC
005 - DATE AND TIME OF LATEST TRANSACTION
control field 20260227111820.0
008 - FIXED-LENGTH DATA ELEMENTS--GENERAL INFORMATION
fixed length control field 880330s1961 ir b 000 0 fre
010 ## - LIBRARY OF CONGRESS CONTROL NUMBER
LC control number ne 66000039
035 ## - SYSTEM CONTROL NUMBER
System control number (OCoLC)17701878
040 ## - CATALOGING SOURCE
Original cataloging agency DLC
Transcribing agency IUB
Modifying agency DLC
042 ## - AUTHENTICATION CODE
Authentication code premarc
043 ## - GEOGRAPHIC AREA CODE
Geographic area code a-ir---
050 00 - LIBRARY OF CONGRESS CALL NUMBER
Classification number KMH3790
Item number .A95 1961
100 1# - MAIN ENTRY--PERSONAL NAME
Personal name Ākhūndī, Maḥmūd.
245 15 - TITLE STATEMENT
Title De l'influence de la tradition religieuse sur le droit pénal de l'Iran.
260 ## - PUBLICATION, DISTRIBUTION, ETC.
Place of publication, distribution, etc. Téhéran,
Date of publication, distribution, etc. 1961.
300 ## - PHYSICAL DESCRIPTION
Extent 146 p.
Dimensions 21 cm.
502 ## - DISSERTATION NOTE
Dissertation note Thèse--Université de Neuchâtel.
504 ## - BIBLIOGRAPHY, ETC. NOTE
Bibliography, etc. note Bibliography: p. [137]-142.
650 #0 - SUBJECT ADDED ENTRY--TOPICAL TERM
Topical term or geographic name entry element Criminal law
Geographic subdivision Iran.
650 #0 - SUBJECT ADDED ENTRY--TOPICAL TERM
Topical term or geographic name entry element Religion and law.

No items available.

Powered by Koha